Youth and power ; the diversions of an economist /

Bibliographic Details
Main Author: Fay, C. R. (Charles Ryle), 1884-1961
Format: Book
Language:English
Published: London, New York [etc.], [publisher not identified] ; Longmans, Green, 1931.
Subjects:

MARC

Tag First Indicator Second Indicator Subfields
LEADER 00000cam a2200000 4500
001 in00000066931
005 20151008051253.0
008 790417s1931 enk 00110 engm
010 |a  31005592  
035 |a (OCoLC)04866346 
035 |9 AAG6886AM 
040 |a DLC  |c WLU  |d WLU  |d TXA  |d UtOrBLW 
049 |a TXAM  |c [218560] 
050 0 0 |a HB171  |b .F3 
082 0 |a 330.1 
092 |a 330.1  |b F282y 
100 1 |a Fay, C. R.  |q (Charles Ryle),  |d 1884-1961. 
245 1 0 |a Youth and power ;  |b the diversions of an economist /  |c by C. R. Fay. 
264 1 |a London,  |b [publisher not identified] ;  |a New York [etc.],  |c Longmans, Green,  |c 1931. 
300 |a viii, 292 pages ;  |c 23 cm. 
336 |a text  |b txt  |2 rdacontent 
337 |a unmediated  |b n  |2 rdamedia 
338 |a volume  |b nc  |2 rdacarrier 
505 0 |a The outlook of youth.--Types of power.--Adam Smith and foreign trade.--Consumption, machinery, and employment.--The public ownership of electric power.--The peopling of a new land.--The psychology of social revolt.--Appendix: Machiavelli's political philosophy. 
650 0 |a Economics. 
999 |a MARS 
999 f f |s b68257ff-aae6-35c0-afab-e84986be99fc  |i cf20098e-473a-31ed-9696-bc8af425badf  |t 0 
952 f f |p ric  |a Texas A&M University  |b Rellis Campus  |c Joint Library Facility  |d Remote Storage  |t 0  |e HB171 .F3  |h Library of Congress classification  |i unmediated -- volume  |m A14800689534 
998 f f |a HB171 .F3  |t 0  |l Remote Storage